000 00548nam a2200169Ia 4500
008 090201s9999 xx 000 0 und d
010 _aKPL-22637
040 _bमराठी
041 _aमराठी
082 _a6411
_b22637
100 _aशंकर अशोक शहाणे
245 _aमर्यादित
_cशंकर अशोक शहाणे
260 _c2004
_bइनामदार बंध्र प्रकाशन
300 _a170
_bमोठा
600 _aमर्यादित
942 _cBOOK
999 _c207233
_d207233